00182nam a22000857a 4500020001800000100001600018245001600034260003400050300001200084 a9780448467375 aSue Bentley aMagic Puppy aNew YorkbPenguin Groupc2008 a121 pgs